000 00761cam a2200241 i 4500
001 18673
003 Mx-PuUPA
005 20250703073416.0
008 140415s1995 ck d gr 000 0 spa d
020 _a9586004473
041 0 _aspa
040 _aMx-PuUPA
_bspa
_cMx-PuUPA
_dMx-PuUPA
_erda
100 1 _aBurbano Ruíz, Jorge E.,
_eautor
245 1 0 _aPresupuestos :
_benfoque moderno /
_cJorge E. Burgano Ruíz, Alberto Ortiz Gómez
250 _aSegunda edición
264 4 _aSanta Fe de Bogotá :
_bMcGraw-Hill,
_c1995
300 _axi, 376 páginas : gráficas, diagramas ; 24 cm
650 7 _2armarc
_aPresupuesto
650 7 _2armarc
_aPresupuesto de capital
700 1 _aOrtiz, Gómez, Alberto,
_eautor
999 _c18673
_d18673